<?xml version="1.0" encoding="UTF-8"?>
<record
    xmlns:xsi="http://www.w3.org/2001/XMLSchema-instance"
    xsi:schemaLocation="http://www.loc.gov/MARC21/slim http://www.loc.gov/standards/marcxml/schema/MARC21slim.xsd"
    xmlns="http://www.loc.gov/MARC21/slim">

  <leader>00685nam a2200181Ia 4500</leader>
  <controlfield tag="008">180921t2020    xxu||||| |||| 00| 0 sin d</controlfield>
  <datafield tag="041" ind1=" " ind2=" ">
    <subfield code="a">sin</subfield>
  </datafield>
  <datafield tag="080" ind1=" " ind2=" ">
    <subfield code="a">8-31</subfield>
    <subfield code="b">&#xD9C;&#xDDC;&#xD9C;&#xDDC;&#xDBD;&#xDCA;</subfield>
  </datafield>
  <datafield tag="100" ind1=" " ind2=" ">
    <subfield code="a">&#xD9C;&#xDDC;&#xD9C;&#xDDC;&#xDBD;&#xDCA;, &#xDB1;&#xDD2;&#xD9A;&#xDDC;&#xDBD;&#xDCF;&#xDBA;&#xDD2;</subfield>
  </datafield>
  <datafield tag="245" ind1=" " ind2=" ">
    <subfield code="a">&#xDC4;&#xDD2;&#xDB8; &#xD9A;&#xDB6;&#xDCF;&#xDBA; &#xD87;&#xDAD;&#xDD4;&#xDC5;&#xDD4; &#xDAD;&#xDDD;&#xDBB;&#xDCF;&#xD9C;&#xDAD;&#xDCA; &#xDC0;&#xDD2;&#xDC1;&#xDD2;&#xDC2;&#xDCA;&#xDA7; &#xD9A;&#xDD9;&#xDA7;&#xDD2;&#xD9A;&#xDAD;&#xDCF;</subfield>
  </datafield>
  <datafield tag="260" ind1=" " ind2=" ">
    <subfield code="b">&#xD9C;&#xDDC;&#xDA9;&#xD9C;&#xDDA;</subfield>
    <subfield code="a">&#xD9A;&#xDDC;&#xDC5;&#xDB9;</subfield>
    <subfield code="c">2020</subfield>
  </datafield>
  <datafield tag="300" ind1=" " ind2=" ">
    <subfield code="a">&#xDC3;&#xDD9;.&#xDB8;&#xDD2;.21, &#xDB4;&#xDD2;.208</subfield>
  </datafield>
  <datafield tag="700" ind1=" " ind2=" ">
    <subfield code="a">&#xDAF;&#xDD0;&#xDAF;&#xDD2;&#xD9C;&#xDB8; &#xDC0;&#xDD3;. &#xDBB;&#xDD4;&#xDAF;&#xDCA;&#xDBB;&#xDD2;&#xD9C;&#xDD4;</subfield>
    <subfield code="e">&#xDB4;&#xDBB;&#xDD2;.</subfield>
  </datafield>
  <datafield tag="700" ind1=" " ind2=" ">
    <subfield code="a">&#xDB4;&#xDAF;&#xDCA;&#xDB8;&#xDC4;&#xDBB;&#xDCA;&#xDC2; &#xD9A;&#xDD4;&#xDBB;&#xDAB;&#xD9C;&#xDDA;</subfield>
    <subfield code="e">&#xDB4;&#xDBB;&#xDD2;.</subfield>
  </datafield>
  <datafield tag="942" ind1=" " ind2=" ">
    <subfield code="c">BK</subfield>
  </datafield>
  <datafield tag="952" ind1=" " ind2=" ">
    <subfield code="0">0</subfield>
    <subfield code="1">0</subfield>
    <subfield code="4">0</subfield>
    <subfield code="7">0</subfield>
    <subfield code="8">TRAN</subfield>
    <subfield code="a">MAIN</subfield>
    <subfield code="b">MAIN</subfield>
    <subfield code="d">2022-02-14</subfield>
    <subfield code="o">8-31 &#xD9C;&#xDDC;&#xD9C;&#xDDC;&#xDBD;&#xDCA;</subfield>
    <subfield code="p">172320</subfield>
    <subfield code="r">2023-06-01</subfield>
    <subfield code="w">2023-06-01</subfield>
    <subfield code="y">BK</subfield>
  </datafield>
  <datafield tag="999" ind1=" " ind2=" ">
    <subfield code="c">12562</subfield>
    <subfield code="d">12562</subfield>
  </datafield>
  <controlfield tag="003">LK-CoDNM</controlfield>
  <datafield tag="040" ind1=" " ind2=" ">
    <subfield code="a">LK-CoDNM</subfield>
    <subfield code="d">LK-CoDNM</subfield>
    <subfield code="e">LK-CoDNM</subfield>
  </datafield>
</record>
